000 00357nam a2200145Ia 4500
008 230312s9999||||xx |||||||||||||| ||und||
020 _a0-7513-3134-1
082 _a640.41
_bKEN-C
100 _aKent;Cassandra
245 0 _aComplete Books of Hints & Tips for homes &Garden
260 _aIK
_c1995
300 _a672
650 _aArchitecture
942 _cBK
999 _c11979
_d11979